Hell or high water / (Record no. 216049)
[ view plain ]
| 000 -LEADER | |
|---|---|
| fixed length control field | 04349cgm a2200889Ii 4500 |
| 001 - CONTROL NUMBER | |
| control field | ocn960214838 |
| 003 - CONTROL NUMBER IDENTIFIER | |
| control field | OCoLC |
| 005 - DATE AND TIME OF LATEST TRANSACTION | |
| control field | 20161123102618.0 |
| 007 - PHYSICAL DESCRIPTION FIXED FIELD--GENERAL INFORMATION | |
| fixed length control field | vd cvaizq |
| 008 - FIXED-LENGTH DATA ELEMENTS--GENERAL INFORMATION | |
| fixed length control field | 161010s2016 cau122 e vleng d |
| 040 ## - CATALOGING SOURCE | |
| Original cataloging agency | TEFMT |
| Language of cataloging | eng |
| Description conventions | rda |
| Transcribing agency | TEFMT |
| Modifying agency | OCLCO |
| -- | TEF |
| -- | OCLCO |
| -- | IK2 |
| -- | IEP |
| -- | OCLCF |
| -- | JP3 |
| -- | UINTA |
| 024 1# - OTHER STANDARD IDENTIFIER | |
| Standard number or code | 031398251040 |
| 028 42 - PUBLISHER NUMBER | |
| Publisher number | 50342 |
| Source | CBS Films Inc. |
| 035 ## - SYSTEM CONTROL NUMBER | |
| System control number | (OCoLC)960214838 |
| 037 ## - SOURCE OF ACQUISITION | |
| Source of stock number/acquisition | Midwest Tape |
| Note | http://www.midwesttapes.com |
| 041 1# - LANGUAGE CODE | |
| Language code of text/sound track or separate title | eng |
| -- | spa |
| -- | eng |
| -- | spa |
| Language code of original and/or intermediate translations of text | eng |
| 043 ## - GEOGRAPHIC AREA CODE | |
| Geographic area code | n-us-tx |
| 050 #4 - LIBRARY OF CONGRESS CALL NUMBER | |
| Classification number | PN1997.2 |
| Item number | .H45 2016 |
| 082 04 - DEWEY DECIMAL CLASSIFICATION NUMBER | |
| Classification number | 791.43/72 |
| Edition number | 23 |
| 049 ## - LOCAL HOLDINGS (OCLC) | |
| Holding library | UCLB |
| 245 00 - TITLE STATEMENT | |
| Title | Hell or high water / |
| Statement of responsibility, etc | CBS Films, Sidney Kimmel Entertainment and Oddlot Entertainment present a Sidney Kimmel Entertainment, Film 44, LBI Entertainment, Oddlot Entertainment production ; director, David Mackenzie ; writer, Taylor Sheridan ; producers, Sidney Kimmel [and three others]. |
| 264 #1 - Production, Publication, Distribution, Manufacture, and Copyright Notice. | |
| Place of production, publication, distribution, manufacture | [Los Angeles, California] : |
| Name of producer, publisher, distributor, manufacturer | CBS Films Inc., |
| Date of production, publication, distribution, manufacture, or copyr | [2016] |
| 300 ## - PHYSICAL DESCRIPTION | |
| Extent | 1 videodisc (approximately 122 min.) : |
| Other physical details | sound, color ; |
| Dimensions | 4 3/4 in. |
| 336 ## - Content Type | |
| Content type term | two-dimensional moving image |
| 337 ## - Media type | |
| Media type term | video |
| 338 ## - Carrier type | |
| Carrier type term | videodisc |
| 344 ## - | |
| -- | digital |
| -- | optical |
| -- | surround |
| -- | 5.1 Dolby Digital |
| -- | rda |
| 347 ## - | |
| -- | video file |
| -- | DVD video |
| -- | rda |
| 380 ## - | |
| -- | Motion picture |
| 538 ## - SYSTEM DETAILS NOTE | |
| System details note | DVD, region 1, 16x9 widescreen (2.40:1); Dolby Digital audio. |
| 546 ## - LANGUAGE NOTE | |
| Language note | English or Spanish dialogue; English or Spanish subtitles; subtitled for the deaf and hard of hearing. |
| 500 ## - GENERAL NOTE | |
| General note | Title from container. |
| 500 ## - GENERAL NOTE | |
| General note | DVD release of the 2016 motion picture. |
| 508 ## - CREATION/PRODUCTION CREDITS NOTE | |
| Creation/production credits note | Original score by Nick Cave & Warren Ellis ; editor, Jake Roberts ; director of photography, Giles Nuttgens. |
| 511 1# - PARTICIPANT OR PERFORMER NOTE | |
| Participant or performer note | Chris Pine, Jeff Bridges, Ben Foster, Katy Mixon, Kevin Rankin. |
| 500 ## - GENERAL NOTE | |
| General note | Widescreen (2.40:1). |
| 521 8# - TARGET AUDIENCE NOTE | |
| Target audience note | Rating: R; for some strong violence, language throughout and brief sexuality. |
| 520 ## - SUMMARY, ETC. | |
| Summary, etc | A divorced West Texas dad and his ex-con brother resort to a desperate money making scheme in order to save their family's farm from foreclosure. |
| 500 ## - GENERAL NOTE | |
| General note | Special features: Enemies forever: the characters of Hell or high water; Visualizing the heart of America; Damaged heroes: the performances of Hell or high water; Red carpet premiere; Filmmaker Q&A. |
| 650 #0 - SUBJECT ADDED ENTRY--TOPICAL TERM | |
| Topical term or geographic name as entry element | Farm foreclosures |
| Geographic subdivision | Texas |
| Form subdivision | Drama. |
| 650 #0 - SUBJECT ADDED ENTRY--TOPICAL TERM | |
| Topical term or geographic name as entry element | Divorced men |
| Form subdivision | Drama. |
| 650 #0 - SUBJECT ADDED ENTRY--TOPICAL TERM | |
| Topical term or geographic name as entry element | Brothers |
| Form subdivision | Drama. |
| 650 #7 - SUBJECT ADDED ENTRY--TOPICAL TERM | |
| Topical term or geographic name as entry element | Brothers. |
| Source of heading or term | fast |
| -- | (OCoLC)fst00839665 |
| 650 #7 - SUBJECT ADDED ENTRY--TOPICAL TERM | |
| Topical term or geographic name as entry element | Divorced men. |
| Source of heading or term | fast |
| -- | (OCoLC)fst00895911 |
| 650 #7 - SUBJECT ADDED ENTRY--TOPICAL TERM | |
| Topical term or geographic name as entry element | Farm foreclosures. |
| Source of heading or term | fast |
| -- | (OCoLC)fst00921027 |
| 651 #7 - SUBJECT ADDED ENTRY--GEOGRAPHIC NAME | |
| Geographic name | Texas. |
| Source of heading or term | fast |
| -- | (OCoLC)fst01210336 |
| 655 #7 - INDEX TERM--GENRE/FORM | |
| Genre/form data or focus term | Feature films. |
| Source of term | lcgft |
| 655 #7 - INDEX TERM--GENRE/FORM | |
| Genre/form data or focus term | Crime films. |
| Source of term | lcgft |
| 655 #7 - INDEX TERM--GENRE/FORM | |
| Genre/form data or focus term | Action and adventure films. |
| Source of term | lcgft |
| 655 #7 - INDEX TERM--GENRE/FORM | |
| Genre/form data or focus term | Thrillers (Motion pictures) |
| Source of term | lcgft |
| 655 #7 - INDEX TERM--GENRE/FORM | |
| Genre/form data or focus term | Video recordings for the hearing impaired. |
| Source of term | lcgft |
| 655 #7 - INDEX TERM--GENRE/FORM | |
| Genre/form data or focus term | Action and adventure films. |
| Source of term | fast |
| -- | (OCoLC)fst01710568 |
| 655 #7 - INDEX TERM--GENRE/FORM | |
| Genre/form data or focus term | Drama. |
| Source of term | fast |
| -- | (OCoLC)fst01423879 |
| 655 #7 - INDEX TERM--GENRE/FORM | |
| Genre/form data or focus term | Feature films. |
| Source of term | fast |
| -- | (OCoLC)fst01710384 |
| 655 #7 - INDEX TERM--GENRE/FORM | |
| Genre/form data or focus term | Thrillers (Motion pictures) |
| Source of term | fast |
| -- | (OCoLC)fst01726193 |
| 655 #7 - INDEX TERM--GENRE/FORM | |
| Genre/form data or focus term | Video recordings for the hearing impaired. |
| Source of term | fast |
| -- | (OCoLC)fst01710450 |
| 700 1# - ADDED ENTRY--PERSONAL NAME | |
| Personal name | Mackenzie, David, |
| Dates associated with a name | 1966- |
| Relator term | film director. |
| 700 1# - ADDED ENTRY--PERSONAL NAME | |
| Personal name | Sheridan, Taylor, |
| Relator term | screenwriter. |
| 700 1# - ADDED ENTRY--PERSONAL NAME | |
| Personal name | Kimmel, Sidney, |
| Relator term | film producer. |
| 700 1# - ADDED ENTRY--PERSONAL NAME | |
| Personal name | Pine, Chris, |
| Dates associated with a name | 1980- |
| Relator term | actor. |
| 700 1# - ADDED ENTRY--PERSONAL NAME | |
| Personal name | Bridges, Jeff, |
| Dates associated with a name | 1949- |
| Relator term | actor. |
| 700 1# - ADDED ENTRY--PERSONAL NAME | |
| Personal name | Foster, Ben, |
| Dates associated with a name | 1980- |
| Relator term | actor. |
| 700 1# - ADDED ENTRY--PERSONAL NAME | |
| Personal name | Mixon, Katy, |
| Dates associated with a name | 1981- |
| Relator term | actor. |
| 700 1# - ADDED ENTRY--PERSONAL NAME | |
| Personal name | Rankin, Kevin, |
| Dates associated with a name | 1976- |
| Relator term | actor. |
| 700 1# - ADDED ENTRY--PERSONAL NAME | |
| Personal name | Cave, Nick, |
| Dates associated with a name | 1957- |
| Relator term | composer (expression) |
| 700 1# - ADDED ENTRY--PERSONAL NAME | |
| Personal name | Ellis, Warren, |
| Dates associated with a name | 1965- |
| Relator term | composer (expression) |
| 700 1# - ADDED ENTRY--PERSONAL NAME | |
| Personal name | Roberts, Jake, |
| Dates associated with a name | 1977- |
| Relator term | editor of moving image work. |
| 700 1# - ADDED ENTRY--PERSONAL NAME | |
| Personal name | Nuttgens, Giles, |
| Relator term | cinematographer. |
| 710 2# - ADDED ENTRY--CORPORATE NAME | |
| Corporate name or jurisdiction name as entry element | CBS Films, |
| Relator term | publisher. |
| 710 2# - ADDED ENTRY--CORPORATE NAME | |
| Corporate name or jurisdiction name as entry element | Sidney Kimmel Entertainment (Firm), |
| Relator term | production company. |
| 710 2# - ADDED ENTRY--CORPORATE NAME | |
| Corporate name or jurisdiction name as entry element | Odd Lot Entertainment (Firm), |
| Relator term | production company. |
| 710 2# - ADDED ENTRY--CORPORATE NAME | |
| Corporate name or jurisdiction name as entry element | Film 44 (Firm), |
| Relator term | production company. |
| 710 2# - ADDED ENTRY--CORPORATE NAME | |
| Corporate name or jurisdiction name as entry element | LBI Entertainment (Firm), |
| Relator term | production company. |
| 730 02 - ADDED ENTRY--UNIFORM TITLE | |
| -- | Container of (work): |
| Uniform title | Hell or high water (Motion picture) |
| 730 02 - ADDED ENTRY--UNIFORM TITLE | |
| -- | Container of (expression): |
| Uniform title | Hell or high water (Motion picture). |
| Language of a work | Spanish. |
| 994 ## - | |
| -- | C0 |
| -- | UINTA |
| Withdrawn status | Lost status | Source of classification or shelving scheme | Damaged status | Not for loan | Collection code | Home library | Current library | Shelving location | Date acquired | Source of acquisition | Cost, normal purchase price | Total Checkouts | Total Renewals | Full call number | Barcode | Date last seen | Date checked out | Cost, replacement price | Price effective from | Koha item type |
|---|---|---|---|---|---|---|---|---|---|---|---|---|---|---|---|---|---|---|---|---|
| Dewey Decimal Classification | Movies | Wasatch County Library | Wasatch County Library | Audio Visual Area | 01/24/2017 | Amazon | 15.95 | 70 | 23 | DVD Hel | 34301001482837 | 09/04/2025 | 08/06/2025 | 15.95 | 03/20/2020 | DVD |
